Storia dell'Arte Italiana... / (Record no. 101414)

MARC details
000 -LEADER
campo de control de longitud fija 00666nam a2200193 i 4500
001 - NÚMERO DE CONTROL
campo de control 101414
003 - IDENTIFICADOR DE NÚMERO DE CONTROL
campo de control ES-MaACL
005 - FECHA Y HORA DE LA ÚLTIMA TRANSACCIÓN
campo de control 20230906182911.0
007 - CAMPO FIJO DE DESCRIPCIÓN FÍSICA--INFORMACIÓN GENERAL
campo de control de longitud fija t|
008 - DATOS DE LONGITUD FIJA--INFORMACIÓN GENERAL
campo de control de longitud fija 051018s1957 it ||||1| ita d
100 1# - ENTRADA PRINCIPAL--NOMBRE DE PERSONA
Nombre de persona Mazzariol, Giuseppe.
9 (RLIN) 79498
245 10 - MENCIÓN DEL TÍTULO
Título Storia dell'Arte Italiana... /
Mención de responsabilidad, etc. Giuseppe Mazzariol, Terencio Pignatti.
250 ## - MENCION DE EDICION
Mención de edición 1ª ed.
260 ## - PUBLICACIÓN, DISTRIBUCIÓN, ETC.
Lugar de publicación, distribución, etc. Verona :
Nombre del editor, distribuidor, etc. Arnoldo Mondadori,
Fecha de publicación, distribución, etc. 1957.
300 ## - DESCRIPCIÓN FÍSICA
Extensión 3 v. :
Otras características físicas il. ;
Dimensiones 25 cm.
505 8# - NOTA DE CONTENIDO CON FORMATO
Nota de contenido con formato Contiene: V.1.-- Dall'Arte cretese al Duecento. V.2.-- Il Trecento e il Quattrocento. V.3.-- Dal Cinquecento a oggi.
700 1# - ENTRADA AGREGADA--NOMBRE PERSONAL
Nombre de persona Pignatti, Terencio.
9 (RLIN) 92003
852 ## - LOCALIZACIÓN
Ubicación ES-MaACL
Número de control de estantería C-15730-2
Sublocalización o colección R.43805
Holdings
Estatus retirado Estado de pérdida Estado de daño No para préstamo Biblioteca de origen Biblioteca actual Ubicación en estantería Fecha de adquisición Fuente de adquisición Total de préstamos Signatura topográfica completa Código de barras Visto por última vez Precio de reemplazo Tipo de ítem Koha
        Biblioteca del Ateneo de Madrid Biblioteca del Ateneo de Madrid Ficheros 17/01/2008     C-15730-2 1105881 23/02/2023 23/02/2023 Libro impreso